Simon & schuster handbook for writers (Record no. 17359)

000 -LEADER
fixed length control field 00750nam a2200217 a 4500
001 - CONTROL NUMBER
control field :::00021282$&:&@@
003 - CONTROL NUMBER IDENTIFIER
control field OkBaRHE
005 - DATE AND TIME OF LATEST TRANSACTION
control field 20100402130605.0
008 - FIXED-LENGTH DATA ELEMENTS--GENERAL INFORMATION
fixed length control field s1987 j 000 0 eng u
020 ## - INTERNATIONAL STANDARD BOOK NUMBER
International Standard Book Number 0130797839
040 ## - CATALOGING SOURCE
Transcribing agency
100 1# - MAIN ENTRY--PERSONAL NAME
Personal name Quitman, Lynn,Troyka.
245 10 - TITLE STATEMENT
Title Simon & schuster handbook for writers
250 ## - EDITION STATEMENT
Edition statement 5th Edition 1999
260 ## - PUBLICATION, DISTRIBUTION, ETC. (IMPRINT)
Place of publication, distribution, etc Upper Saddle River, New Jersey
Name of publisher, distributor, etc Prentice Hall
Date of publication, distribution, etc 1987
300 ## - PHYSICAL DESCRIPTION
Extent 846 p
650 ## - SUBJECT ADDED ENTRY--TOPICAL TERM
Topical term or geographic name as entry element English language
General subdivision Grammar-Handbooks,manual,etc.
650 ## - SUBJECT ADDED ENTRY--TOPICAL TERM
Topical term or geographic name as entry element English language
General subdivision Rhetoric-Handbooks manual, etc
942 ## - ADDED ENTRY ELEMENTS (KOHA)
Source of classification or shelving scheme
Koha item type Books
Copies
Date acquired Date last seen Withdrawn status Koha item type Date checked out Total Checkouts Damaged status Source of classification or shelving scheme Shelving location Lost status Price effective from Full call number Barcode Not for loan Permanent Location Copy number Current Location
2010-04-142017-08-30 Books2017-07-142  General Stacks 2010-04-14PE 1408 .T696 199900021282 RHEMA Bible Training College1RHEMA Bible Training College